Election of 1868 Trivia - Statistics

General Stats
  • This quiz has been taken 26 times
  • The average score is 13 of 20
Answer Stats
Hint Answer % Correct
Party Republican
100%
States that couldn't vote Texas
100%
Victor Ulysses S Grant
100%
Party Democrat
95%
Mississippi
95%
Alabama
89%
Home State Illinois
84%
Home State New York
84%
State in which this was their first election Nebraska
79%
State with no General Election that still awarded electoral votes Florida
74%
Main Question the Election was Centered on Reconstruction
74%
State with the smallest margin (0.48%) California
63%
State with the largest margin (57%) Vermont
63%
Opponent Horatio Seymour
58%
Running Mate Schuyler Colfax
58%
Victor's Slogan Let us Have Peace
37%
Victor's Previous Job Union General
32%
Affliction that was said to run in the opponents family Insanity
26%
Running Mate Francis Preston Blair JR
16%
Controversy that hurt the victors campaign Anti-Semitism
11%
No matching quizzes found
Score Distribution
Percent of People with Each Score
Percentile by Number Answered
Your Score History
You have not taken this quiz